000 00351nam a22001451a 4500
020 _a9788188134519
082 _a613.704 6
_bUSH/S
100 _aUsha Lohan
245 _aScientific investigation of yogic practices/
_cby Usha Lohan
260 _aNew Delhi:
_bSatyam,
_c2006.
300 _a160p.
650 _aYoga
650 _aMedicine
942 _cBK
999 _c41084
_d41084